Statistiken für Allgemeinwissen 1

Klicken Sie hier um das Quiz zu spielen!

Allgemein

  • Dieses Quiz wurde 500 mal gespielt
  • Das Durchschnittsergebnis liegt bei 4 aus 10

Antwortstatistiken

FrageAntworten% Korrekt
Wusste George Washington von der Existenz von Dinosauriern?Nein
97%
Wie viele Grammy Awards hat Barack Obama gewonnen?2
81%
Wer hat das Siegtor bei der Fußball-Weltmeisterschaft 2014 erzielt?Mario Gotze
75%
In welchem lateinamerikanischen Land kann man Coca-Cola nicht kaufen?Kuba
44%
Wie hieß die Bombe, die auf Hiroshima abgeworfen wurde? Geben Sie den englischen Namen an.Little Boy
32%
In welchem Jahr fand das Fyre Festival statt?2017
23%
Was ist der Durchmesser der Erde?12742 Kilometer
16%
Welcher britische Premierminister hat das Münchener Abkommen unterzeichnet?Neville Chamberlain
12%
Wem wird die Erfindung des Aufzugs zugeschrieben oder zumindest die Inspiration für die aktuelle Version? Riesentipp: Sein Name wird von einer Aufzugsfirma verewigt.Elisha Otis
11%
Welche französische Verteidigung, die Deutschland von seinem Territorium fernhalten sollte, überlistete Deutschland, als es im Zweiten Weltkrieg über Belgien einmarschierte?Maginot-Linie
11%

Verteilung der Resultate

Perzentil nach korrekt beantworteten Fragen

Anzahl Personen mit jedem Resultat

Ihre Resultats-Entwicklung

Sie haben dieses Quiz noch nicht gespielt